000
00204nam a22000977a 4500
082
_a
657.3
100
_a
FUMBUKA,L,G.
245
_a
STUDY GUIDE FOR ADVANCED ACCOUNTACY
300
_a
279P.;30CM
942
_c
BK
999
_c
20235
_d
20235